000 00368nas a2200157 a 4500
001 68575
003 141975
005 20201118110540.0
008 ||||||n9999 ||| || ||
041 _aspa
245 0 _aBitácora - Vol.1 No.1
260 _aBogotá :
_bRed de Solidaridad Social,
_c1995.
562 _e1
773 _035670
_aBitácora :
942 _cSISS
999 _c68575
_d68575